ბათუმის შოთა რუსთაველის სახელმწიფო უნივერსიტეტის ბიბლიოთეკა

კოლხეთის დაბლობის ბრინჯაოს ხანის ნამოსახლართა სტრატიგრაფია, ქრონოლოგია და პერიოდიზაცია : (ბიბ.ჩანაწერი № 59727)

000 -ლიდერი
ფიქსირებული სიგრძის საკონტროლო ველი 01463nam a22002177a 4500
003 - საკონტროლო ნომრის იდენტიფიკატორი
საკონტროლო ველი Ge_BSU
005 - ბოლო ოპერაციის თარიღი და დრო
საკონტროლო ველი 20230407112618.0
008 - ფიქსირებული სიგრძის მონაცემთა ელემენტები - ზოგადი ინფორმაცია
ფიქსირებული სიგრძის საკონტროლო ველი 230407s1997 ge ||||| |||| 00| 0 geo d
041 ## - ენის კოდი
Language code of text/sound track or separate title geo
080 ## - უნივერსალური ათობითი კლასიფიკაციის ინდექსი
Universal Decimal Classification number 903.4(479.22) +902.62 ჯ-41
100 ## - მთავარი ჩანაწერი - პიროვნების სახელი
Personal name ჯიბლაძე, ლერი
9 (RLIN) 17540
245 ## - ცნობა სათაურის შესახებ
Title კოლხეთის დაბლობის ბრინჯაოს ხანის ნამოსახლართა სტრატიგრაფია, ქრონოლოგია და პერიოდიზაცია :
Remainder of title (ფიჩორის ნამოსახლარის ცენტრალური ბორცვის მიხედვით) /
Statement of responsibility, etc ლერი ჯიბლაძე; [რედ.: მ. ბარამიძე] ; საქ. მეცნ. აკად., არქეოლ. კვლევის ცენტრი.
264 ## - წარმოების, გამოცემის, დისტრიბუციის და სხვა ცნობები
გამოცემის, წარმოების, დისტრიბუციის... ადგილი თბილისი :
გამოცემის, წარმოების, დისტრიბუციის... სახელწოდება საქართველო,
გამოცემის, წარმოების, დისტრიბუციის... თარიღი 1997.
300 ## - ფიზიკური აღწერა
Extent 168გვ. ;
Other physical details 20სმ.
504 ## - BIBLIOGRAPHY, ETC. NOTE
Bibliography, etc ბიბლიოგრ.: გვ. 127-144.
520 ## - SUMMARY, ETC.
Summary, etc რეზ. რუს. და ინგლ. ენ.
653 ## - INDEX TERM--UNCONTROLLED
Uncontrolled term ნამოსახლარები საქართველოში
653 ## - INDEX TERM--UNCONTROLLED
Uncontrolled term არქეოლოგიური კვლევის სტრატიგრაფიული მეთოდები.
700 ## - ADDED ENTRY--PERSONAL NAME
Personal name ბარამიძე, მ.,
Relator term რედაქტორი
9 (RLIN) 17541
942 ## - ADDED ENTRY ELEMENTS (KOHA)
Source of classification or shelving scheme
Koha item type წიგნი
ეგზემპლარები
ჩამოწერის სტატუსი დაკარგული ეგზემპლარის სტატუსი კლასიფიკაციის წყარო ან თაროზე გაწყობის სქემა დაზიანების სტატუსი არ გაიცემა მუდმივი მდებარეობა (დაცვის ადგილი) ამჟამინდელი ადგილსამყოფელი თაროზე განთავსების ადგილი შეძენის თარიღი ღირებულება, შესყიდვის ნორმალური ფასი სრული შენახვის შიფრი შტრიხკოდი ბოლო ოპერაციის თარიღი ეგზემპლარის მიმდევრობითი ნომერი (კეტერი?) Uniform Resource Identifier ფასის ძალაში შესვლის თარიღი ეგზემპლარის სახეობა საჯარო შენიშვნა
          ბათუმის შოთა რუსთაველის სახელმწიფო უნივერსიტეტის მთავარი ბიბლიოთეკა ბათუმის შოთა რუსთაველის სახელმწიფო უნივერსიტეტის მთავარი ბიბლიოთეკა წიგნსაცავი 2023-04-07 9.00 903.4(479.22) +902.62 ჯ-41 64192 2023-04-07 64192 ბსუ-ს საპატიო დოქტორის გურამ ლორთქიფანიძის საჩუქარი 2023-04-07 წიგნი 9 ლ.